000
00298nam a22001337a 4500
008
170825b xxu||||| |||| 00| 0 eng d
020
_a
9781582120164
041
_a
eng
080
_a
047
100
_a
39
101
_a
MED
245
_a
RESUME CV INTERVIEWING
_c
REINDERS.TH.P
942
_2
udc
_c
BK
999
_c
24972
_d
24972